|
|
|
|
| LEADER |
00000nam a2200000Ia 4500 |
| 008 |
170901b2004 cr ||||| |||| 00| | spa d |
| 999 |
|
|
|c 920
|d 920
|
| 020 |
|
|
|a 996899393X
|
| 090 |
|
|
|a 05.03.01
|b 858 CD #48
|
| 100 |
1 |
|
|a Jiménez Segura, Flor
|9 160
|
| 245 |
1 |
0 |
|a Sentido de vida en la adversidad y en el bienestar: teoría y práctica /
|c Flor Jiménez Arguedas; Irma Arguedas Negrini
|
| 260 |
|
|
|a San José, Costa Rica :
|b INIE,
|c 2004
|
| 300 |
|
|
|a 62 páginas
|
| 490 |
|
|
|a Colección Yigüirro
|
| 500 |
|
|
|a Incluye CD-ROM No.48
|
| 650 |
1 |
0 |
|a CALIDAD DE LA VIDA
|9 3974
|
| 650 |
1 |
4 |
|a CICLO DE VIDA
|9 3150
|
| 650 |
1 |
4 |
|a RESILIENCIA (PSICOLOGÍA)
|9 3151
|
| 650 |
1 |
4 |
|a ASPECTOS EDUCATIVOS
|9 636
|
| 700 |
1 |
|
|a Arguedas Negrini, Irma
|9 1516
|
| 942 |
|
|
|i 001448 ,002143,001890
|h 05.03.01 858 CD #48
|2 z
|c 01
|